| Registos Bibliográficos associados ao registo de autoridade |
|
Etiqueta de registo: 00254nam 2200025 450 001 2282789 003 http://id.bnportugal.gov.pt/bib/catbnp/2282789 010 ## $a978-989-40-3017-1 021 ## $aPT$b558188/25 100 ## $a20260324d2026 k y0pory01030103ba 101 0# $apor 102 ## $aPT 105 ## $ay z 000yy 106 ## $ar 200 1# $aImposto e crime$einspecção tributária e investigação criminal$fPaulo Marques, Nelson Coelho, Alexandre Simões 210 #9 $aCoimbra$cAlmedina,$d2026 215 ## $a245 p.$d23 cm 225 2# $aMonografias 700 #1 $99$aMarques,$bPaulo$31472845 701 #1 $92$aCoelho,$bNelson$4070$31993317 701 #1 $92$aSimões,$bAlexandre$4070$31993318 801 #0 $aPT$bBN$gRPC 966 ## $lBN$mFGMON$x1 966 ## $lBN$mFGMON$x1 971 ## $cssilva$d20260324
|
|
|